LEADER 03535nam 2200613Ia 450 001 9910463995803321 005 20170817212558.0 010 $a1-4623-2953-5 010 $a1-4527-4602-8 010 $a1-282-84390-7 010 $a9786612843907 010 $a1-4518-7326-3 035 $a(CKB)3170000000055328 035 $a(EBL)1608410 035 $a(SSID)ssj0000943061 035 $a(PQKBManifestationID)11566063 035 $a(PQKBTitleCode)TC0000943061 035 $a(PQKBWorkID)10975011 035 $a(PQKB)11024817 035 $a(OCoLC)551144532 035 $a(MiAaPQ)EBC1608410 035 $a(EXLCZ)993170000000055328 100 $a20100902d2009 uf 0 101 0 $aeng 135 $aur|n|---||||| 181 $ctxt 182 $cc 183 $acr 200 10$aSetting up a sovereign wealth fund$b[electronic resource] $esome policy and operational considerations /$fUdaibir S. Das ... [et al.] 210 $a[Washington, D.C.] $cInternational Monetary Fund$d2009 215 $a1 online resource (23 p.) 225 1 $aIMF working paper ;$vWP/09/179 300 $aDescription based upon print version of record. 311 $a1-4519-1752-X 320 $aIncludes bibliographical references. 327 $aContents; Glossary; I. Introduction; II. What is a Sovereign Wealth Fund?; III. When to Set Up an SWF?; A. When are a Country's Reserves Adequate?; B. What are the Options in Case of Ample Reserves?; C. What if BoP Crises Call for Liquidity Support from the SWF?; IV. What Are An SWF's Objectives?; A. Can SWFs be Distinguished by Their Stated Policy Objectives?; B. How to Formulate Operational Objectives to Achieve Policy Objectives?; V. What are the Funding, Withdrawal, and Spending Rules of an SWF?; A. Rules for Transferring Funds between an SWF and its Owner 327 $aVI. Some Considerations in Determining the Institutional Structure?A. SWFs as a Unit within a Central Bank or the Ministry of Finance, or, as a Separate Legal Entity?; B. How are the Decision-Making Hierarchy and Lines of Reporting Organized?; VII. What Determines the Investment Policy?; A. What are the General Considerations in Designing an SWF's SAA?; B. What are the Considerations for an SWF to Finance Domestic Projects?; C. What are the Considerations when an SWF Hires External Asset Managers?; VIII. Conclusion; References 330 $aThis paper offers a policy and operational ""roadmap"" to policymakers considering setting up an SWF. It should also be of interest to policymakers in countries where SWFs are already in place, to review their existing policies and operations. Finally, it offers an opportunity to identify areas where research in macroeconomics and finance should give further answers as to the adequacy of existing practice related to the setting up and management of SWFs, an area where practical considerations often lead theoretical research. For instance, policymakers should optimally consider both their sover 410 0$aIMF working paper ;$vWP/09/179. 606 $aSovereign wealth funds 606 $aInvestment of public funds 608 $aElectronic books. 615 0$aSovereign wealth funds. 615 0$aInvestment of public funds. 676 $a332.63232 700 $aDas$b Udaibir S$0860107 712 02$aInternational Monetary Fund. 801 0$bMiAaPQ 801 1$bMiAaPQ 801 2$bMiAaPQ 906 $aBOOK 912 $a9910463995803321 996 $aSetting up a sovereign wealth fund$92110730 997 $aUNINA LEADER 01242nam a2200325 i 4500 001 991001159789707536 005 20020507184334.0 008 960822s1993 us ||| | eng 020 $a0192822411 035 $ab10809004-39ule_inst 035 $aLE01307978$9ExL 040 $aDip.to Matematica$beng 082 0 $a510.71 084 $aAMS 00A35 084 $aZDM C70 100 1 $aNelson, David L.$062724 245 10$aMulticultural mathematics /$cDavid Nelson, George Gheverghese Joseph, and Julian Williams 260 $aOxford ; New York :$bOxford Univ. Press,$c1993 300 $avii, 228 p. :$bill. ;$c22 cm. 500 $aIncludes bibliographical references (p. [207]-223) and index 650 4$aMathematics-study and teaching 650 4$aMulticultural education 700 1 $aJoseph, George Gheverghese$eauthor$4http://id.loc.gov/vocabulary/relators/aut$0532701 700 1 $aWilliams, Julian 907 $a.b10809004$b06-10-06$c28-06-02 912 $a991001159789707536 945 $aLE013 C70 NEL11 (1993)$g1$i2013000065007$lle013$o-$pE0.00$q-$rl$s- $t0$u3$v0$w3$x0$y.i10914213$z28-06-02 996 $aMulticultural mathematics$91455818 997 $aUNISALENTO 998 $ale013$b01-01-96$cm$da $e-$feng$gus $h0$i1